| 000 | 00546nam a22002057a 4500 | ||
|---|---|---|---|
| 003 | OSt | ||
| 005 | 20190705081952.0 | ||
| 008 | 121112t xxu||||| |||| 00| 0 eng d | ||
| 020 | _a043966165X | ||
| 050 |
_aPZ 7 _b.P924Ma 2000 |
||
| 100 |
_aPreller, James _96900 |
||
| 245 |
_aThe Case of the marshmallow monster/ 390 _cJames Preller. |
||
| 260 |
_aNew York : _bScholastic Inc, _c2004. |
||
| 300 |
_bill. ; _c19 cm. |
||
| 440 |
_aA Jigsaw Jones Mystery _922975 |
||
| 526 | _c480 | ||
| 942 |
_2lcc _cBK |
||
| 999 |
_c34275 _d34275 |
||